Hematología : (Registro nro. 22324)

Detalles MARC
000 -LEADER
fixed length control field 01486nam a2200313 4500
003 - CONTROL NUMBER IDENTIFIER
control field CO-CtgCURN
005 - DATE AND TIME OF LATEST TRANSACTION
control field 20250331185202.0
007 - PHYSICAL DESCRIPTION FIXED FIELD--GENERAL INFORMATION
fixed length control field ta
008 - FIXED-LENGTH DATA ELEMENTS--GENERAL INFORMATION
fixed length control field 160627s2011 000 0 eng d
020 ## - INTERNATIONAL STANDARD BOOK NUMBER
International Standard Book Number 9789500602617
040 ## - CATALOGING SOURCE
Original cataloging agency CO-CtgCURN
Language of cataloging spa
Transcribing agency coctgcurn
082 0# - DEWEY DECIMAL CLASSIFICATION NUMBER
Classification number 616.15
Item number F889
100 1# - MAIN ENTRY--PERSONAL NAME
Personal name Freund, Mathias.
245 10 - TITLE STATEMENT
Title Hematología :
Remainder of title guía práctica para el diagnóstico microscópico /
Statement of responsibility, etc. Mathias Freund ; creador del libro, Fritz Heckner ; traductor, María Inés Gismondi.
250 ## - EDITION STATEMENT
Edition statement 11a ed.
260 ## - PUBLICATION, DISTRIBUTION, ETC.
Place of publication, distribution, etc. Buenos Aires :
Name of publisher, distributor, etc. Médica Panamericana,
Date of publication, distribution, etc. 2011.
300 ## - PHYSICAL DESCRIPTION
Extent viii, 142 p :
Other physical details tablas, fot., il.
336 ## - CONTENT TYPE
Source rdacontent
337 ## - MEDIA TYPE
Source rdamedia
Media type term sin mediacion
Media type code n
338 ## - CARRIER TYPE
Source rdacarrier
Carrier type term volumen
Carrier type code nc
504 ## - BIBLIOGRAPHY, ETC. NOTE
Bibliography, etc. note Incluye bibliografía (p. [133]-134)
505 8# - FORMATTED CONTENTS NOTE
Formatted contents note Consideraciones iniciales y técnicas -- Esquema de las principales estructuras celulares -- Morfología y composición normal de las células de la sangre y de la médula ósea -- Diferenciación de las células normales de la sangre y de la médula ósea -- Morfología de los cambios patológicos en la sangre y la médula ósea -- Tumores sólidos en la médula ósea -- Métodos de tinción y técnicas inmunocitológicas
650 14 - SUBJECT ADDED ENTRY--TOPICAL TERM
Topical term or geographic name entry element Hematología.
700 1# - ADDED ENTRY--PERSONAL NAME
Personal name Gismondi, María Inés,
Relator term Traductor.
700 1# - ADDED ENTRY--PERSONAL NAME
Personal name Heckner, Fritz.
908 ## - PUT COMMAND PARAMETER (RLIN)
Put command parameter 160627
942 ## - ADDED ENTRY ELEMENTS (KOHA)
Koha item type Libros
Classification part 616.15
Item part F889
Source of classification or shelving scheme Dewey Decimal Classification
Existencias
Withdrawn status Lost status Source of classification or shelving scheme Damaged status Not for loan Collection Home library Current library Shelving location Date acquired Inventory number Total checkouts Full call number Barcode Date last seen Copy number Price effective from Koha item type Public note
    Dewey Decimal Classification     General Miguel Henríquez Emiliani Miguel Henríquez Emiliani General 03/31/2025 017831   616.15 F889 017831 03/31/2025 ej.1 03/31/2025 Libros 610-CIENME